000 00567nam a2200217 i 4500
001 C2-0096337
003 PPAK
005 20180727093606.0
008 970520s1990 enka|||| ||||| | eng d
040 _aPPAK
_beng
_cPPAK
_erda
082 0 4 _a641.5
_223
090 0 0 _a641.5
_bQUI
_dR
245 0 0 _aQuick and easy cookbook
264 1 _aLondon :
_bHamlyn ,
_c1990
300 _a[142 pages] :
_bcolour illustrations ;
_c30 cm
336 _2rdacontent
_atext
337 _2rdamedia
_aunmediated
338 _2rdacarrier
_avolume
650 1 0 _aCookery
942 _ddc
_cB
999 _c20783
_d20783